00422 2200181 4500245003100000250001100031100002000042700001900062700002300081650001700104005001900121260003100140041001400171084001300185300002200198336000900220338001100229 aIoncTanemura, ArinahText aCet. 1 aTanemura, Arina aAnni Pramudito aFebrian Anantasyah aKomik Jepang a20230202104844 aJakartabPT Gramediac2004 aIndonesia a741.5592 ailus. :c17,5 cm. atext avolume